| 000 | 00608nam a2200229Ia 4500 | ||
|---|---|---|---|
| 003 | OSt | ||
| 005 | 20221007075337.0 | ||
| 006 | a|||||r|||| 00| 0 | ||
| 007 | ta | ||
| 008 | 221006b |||||||| |||| 00| 0 eng d | ||
| 024 | _a14,328 | ||
| 037 | _cTextual | ||
| 040 |
_aFLL _cFLL _beng |
||
| 041 |
_2eng _aeng |
||
| 082 | _aW87, M8 | ||
| 100 |
_aShukla K.S. Ed. _9302589 |
||
| 245 | 0 | _aCollective violence | |
| 260 |
_aNew Delhi _bIndian institute of public administration India _c1988 |
||
| 300 |
_a354p _ccm. |
||
| 942 |
_hW87, M8 _cTEXL _2CC |
||
| 999 |
_c1155710 _d1155710 |
||